000 00285nam a22001337a 4500
003 SGT
082 _a616.80475
_bN2000P
100 _aPATTEN,JOHN
245 _aNEUROLOGICAL DIFFERENTIAL DIAGNOSIS
250 _a2ND
260 _aUK
_bSPRINGER
_c2000
300 _a449
942 _2ddc
_cBK
999 _c14185
_d14185